| 000 | 00510nam a22001817a 4500 | ||
|---|---|---|---|
| 005 | 20251108164102.0 | ||
| 008 | 250721s1994 xx 000 0 ara d | ||
| 082 | 1 | 4 | _a634.6/عفن |
| 100 | 1 | _aالعفنان، سعد بن خلف | |
| 245 | 1 | 0 | _aطبائع النخيل و معاملاتها / |
| 264 | 1 |
_aالرياض : _c1994. |
|
| 300 | _a240ص | ||
| 650 | 1 | 7 | _aالزراعة |
| 650 | 1 | 7 | _aزراعة الأشجار الفاكهة |
| 650 | 1 | 7 | _aنخيل البلح |
| 942 |
_2ddc _cBK |
||
| 999 |
_c3236 _d3236 |
||